000 00656nam a2200277Ia 4500
005 20260324123848.0
008 008 260324s9999 xx 000 0 eng d
020 _a9780429230523
037 _aEBOOK
040 _aCRL
040 _beng
040 _cCRL
041 _2eng
041 _aeng
084 _qCRL
100 _aTed Wragg
_91171938
245 3 _aAn Introduction to Classroom Observation (Classic Edition)
260 _bTaylor and Francis
260 _c2011
365 _a
365 _b300
856 _uhttp://www.taylorfrancis.com/books/9780429230523
942 _cEBOOK
999 _c1765814
_d1765814